书目信息 |
| 题名: |
好口才好办事
|
|
| 作者: | 徐为达 编著 | |
| 分册: | ||
| 出版信息: | 北京 当代世界出版社 2004.04 |
|
| 页数: | 400页 | |
| 开本: | 20cm | |
| 丛书名: | ||
| 单 册: | ||
| 中图分类: | H019 | |
| 科图分类: | ||
| 主题词: | 语音学 | |
| 电子资源: | ||
| ISBN: | 7-80115-749-4 | |
| 000 | 00510nam0 2200181 45 | |
| 001 | 0460445733 | |
| 005 | 2004051816472556 | |
| 010 | @a7-80115-749-4@dCNY 25.80 | |
| 100 | @a20040518d2004 km y0chiy0120 ea | |
| 101 | 0 | @achi |
| 200 | 1 | @a好口才好办事@AHao Kou Cai Hao Ban Shi@f徐为达编著@FXu Wei Da Bian Zhu |
| 210 | @a北京@c当代世界出版社@d2004.04 | |
| 215 | @a400页@d20cm | |
| 606 | 0 | @a语音学 |
| 690 | @aH019@v4 | |
| 701 | 0 | @a徐为达@AXu Wei Da@4编著 |
| 801 | 0 | @aCN@bPFT@c20040518 |
| 905 | @a安徽大学@dH019@eX810 | |
| 好口才好办事/徐为达编著.-北京:当代世界出版社,2004.04 |
| 400页;20cm |
| ISBN 7-80115-749-4:CNY 25.80 |
| ● |
| 相关链接 |
|
|
|
正题名:好口才好办事
索取号:H019/X810
 
预约/预借
| 序号 | 登录号 | 条形码 | 馆藏地/架位号 | 状态 | 备注 |
| 1 | 375952 | 203759520 | 自科二线504/504自科库 46排5列4层/ [索取号:H019/X810] | 在馆 | |
| 2 | 375953 | 203759539 | 自科二线504/504自科库 46排4列6层/ [索取号:H019/X810] | 在馆 | |
| 3 | 375954 | 203759548 | 自科二线504/504自科库 46排5列4层/ [索取号:H019/X810] | 在馆 |